| 000 | 00830nam a2200205 a 4500 | ||
|---|---|---|---|
| 001 | BRCA_1619 | ||
| 005 | 20190320203500.0 | ||
| 008 | 160508s2007----mx-a---###---#000-0#spa-# | ||
| 020 | _a9789708021081 | ||
| 050 | 4 |
_aND259.R5 _b.G73 2007 |
|
| 245 | 1 | 0 |
_aDiego Rivera _bgran ilustrador : obras complementarias. |
| 260 |
_aMéxico _bMuseo Nacional de Arte _c2007 |
||
| 300 |
_av. 2 _bil. a color _c29 cm. |
||
| 500 | _aCatálogo de la exposición realizada en el Museo Nacional de Arte (Ciudad de México), noviembre 2007 - febrero 2008 | ||
| 500 | _aIncluye piezas de la colección Franz Mayer: p. 16, 19, 21, 36, 47, 53, 55, 59, 69, 78, 97 y 104 | ||
| 600 | 1 | 4 |
_aRivera, Diego _d1886-1957 _vExposiciones _94891 |
| 650 | 1 | 4 |
_aIlustración _ySiglo XX _zMéxico _95074 |
| 650 | 1 | 4 |
_aObra gráfica _ySiglo XX _zMéxico _95075 |
| 942 |
_2lcc _cB |
||
| 999 |
_c1426 _d1426 |
||